LEADER 01098nam a2200229 i 4500 001 000000138474 003 CaOOAMICUS 005 20140722000000.0 008 140722s1897 it u000 u ita u 013 $a112372 040 $aSeMil$bita 100 1 $aBrucker, Joseph.$0(OLS)http://semarc/name/56061 245 10$aQuestioni d'oggi sulla Santa Scrittura /$cper il R. P. Giuseppe Brucker ; versione di V. Lusini autorizzata dall'autore e dall'editore. 260 $aSiena :$bBiblioteca del clero,$c1897. 300 $aXVIII, 267 p. ;$c25 cm. 490 0 $aBiblioteca del clero : pubblicazione periodica per facilitare al clero l'acquisto delle pił importanti opere moderne ;$v17. 700 1 $aLusini, Vittorio.$0(OLS)http://semarc/name/56062 830 0$aBiblioteca del clero ;$v17.$0(OLS)http://semarc/title/19422 850 $aSeMil 852 $aSeMil$W1$xVenegono$y1$m2W IV 60 FA$j91964$B91964$CSeMilBibl$Z2$F97055 $8I 996 $6245$aQuestioni d'oggi sulla Santa Scrittura$9(OLS)http://semarc/title/202426 996 $6260$aSiena :$bBiblioteca del clero$9(OLS)http://semarc/publisher/38511 LEADER 01018nam a2200241 i 4500 001 000000185993 003 CaOOAMICUS 005 20150922000000.0 008 150922s1947 it u000 u ita u 013 $a164036 040 $aSeMil$bita 100 1 $aReggiori, Ferdinando.$0(OLS)http://semarc/name/9348 245 10$aMilano 1800-1943 :$bitinerario urbanistico-edilizio. Libri sei /$cFerdinando Reggiori. 260 $aMilano :$bEdizioni del Milione,$c1947. 300 $a517 p. :$bill. ;$c30 cm. 500 $aContiene : Nota bibliografica. - Fondo card. Giovanni Colombo. 650 4$aMilano - Urbanistica.$0(OLS)http://semarc/subject/10280 850 $aSeMil 852 $aSeMil$W1$xVenegono$y1$m3GC VIII 175$j136680$B136680$CSeMilBibl$Z2$F148236 $8B 941 1 $a3 961 $aLascito: Colombo Card. Giovanni 996 $6245$aMilano 1800-1943 :$bitinerario urbanistico-edilizio. Libri sei$9(OLS)http://semarc/title/267335 996 $6260$aMilano :$bEdizioni del Milione$9(OLS)http://semarc/publisher/34452